000 01510nam a2200469 i 4500
001 55725
003 KOSZ 005
005 20211216133337.0
008 070605s2007 pl f |000 0 pol
015 _aUWD 2007/11410
020 _a9788360233214
035 _a991034310499705066
035 _a(PL-WaBN)b19178037-48omnis_nlop
035 _ab19178037
035 _a(OCoLC)749616562
035 _azz2007988156
035 _a(PL)b0000001917803
035 _a(EXLNZ-48OMNIS_NETWORK)9910033101305606
040 _aWA N
_cWA N
_dLUBL KUL
_dKOSZ 005/HR
046 _k2007
080 _a004.31
080 _a621.3.049.77
080 _a(07)
100 1 _aPawluczuk, Andrzej
_eAutor
245 1 0 _aSztuka programowania mikrokontrolerów AVR :
_bprzykłady /
_cAndrzej Pawluczuk.
260 _aWarszawa :
_bWydawnictwo BTC,
_ccop. 2007.
300 _a293 s. ;
_c25 cm.
336 _aTekst
_btxt
_2rdacontent
337 _aBez urządzenia pośredniczącego
_bn
_2rdamedia
338 _aWolumin
_bnc
_2rdacarrier
380 _aKsiążki
380 _aPublikacje fachowe
388 _a2001-
650 7 _aMikrokontrolery
_2DBN
650 7 _aAVR (mikrokontroler)
655 7 _aPodręcznik
_2DBN
658 _aInformatyka i technologie informacyjne
710 2 _aBTC Korporacja, Paweł Zbysiński
_4pbl
856 _uhttp://koha.tu.koszalin.pl/cgi-bin/koha/opac-detail.pl?biblionumber=55725
_yKatalog online BPK
942 _2UKD
_cKS
999 _c55725
_d55725